000 00841nam a2200277 a 4500
001 000045084
003 DO-SdBNP
005 20150219120125.0
007 000045084
008 150202s2006 dr a 000 0 spa d
020 _a9945140043
040 _aBPMET
_bspa
_cBPMET
092 _axxxxxx
_bxxxxxx
110 _4Fundación para la Educación y el Arte (Républica Dominicana)
245 0 0 _aColorea el quijote.
250 _a3a ed.
260 _aSanto Domingo :
_bEducarte,
_c2006.
300 _a12 p. :
_bil. ;
_c28 cm.
490 1 _aColorea un mundo mejor
_v1
830 0 _aColorea un mundo mejor
_n1
930 1 _lBND01
_mLF1
_820150202
_f01
_pHD
_g46678
930 1 _lBND01
_mLF1
_820150202
_f01
_pMI
_g46678
_he. 2
942 _2ddc
_cBK
956 _aDGARCIA
_b10
_c20150202
_lBND01
_h1049
956 _aBTAVAREZ
_b10
_c20150202
_lBND01
_h1550
999 _c7447
_d7447